Indyjskie Marki Samochodów - Statystyki

Ogólne statystyki
  • Ten quiz został rozwiązany 15 razy
  • Średni wynik to 2 z 7
Statystyki odpowiedzi
Obrazkowy Odpowiedź % Poprawnych
Tata
100%
Mahindra & Mahindra
33%
Force Motors
22%
Bajaj Auto
11%
Premier
11%
Ashok Leyland
0%
Hindustan Motors
0%
Nie znaleziono quizów pasujących do podanych kryteriów
Rozkład punktacji
Procent ludzi z każdym wynikiem
Percentyl według liczby udzielonych odpowiedzi
Twoja historia wyników
Nie rozwiązałeś tego quizu